Statistics for US city endings

Click here to take the quiz!

General Stats

  • This quiz has been taken 26 times
  • The average score is 8 of 30

Answer Stats

HintAnswer% Correct
SONJackson
75%
CITYOklahoma
71%
TONWashington
67%
VILLEJacksonville
54%
VILLELouisville
54%
VILLENashville
50%
LANDPortland
50%
TONHouston
50%
TONBoston
46%
LANDCleveland
46%
CITYSalt Lake
42%
VILLEKnoxville
29%
LANDOakland
25%
SONTucson
25%
CITYJersey
25%
VILLEHuntsville
21%
SONMadison
17%
TONStockton
13%
TONArlington
13%
FIELDBakersfield
8%
LANDGarland
8%
FIELDFairfield
4%
FIELDSpringfield(MO)
4%
FIELDSpringfield(IL)
4%
SONHenderson
4%
FIELDSpringfield(MA)
4%
CITYKansas(MO)
0%
CITYKansas(KS)
0%
SONPaterson
0%
LANDMidland
0%

Score Distribution

Percentile by Number Answered

Percent of People with Each Score

Your Score History

You have not taken this quiz